| 000 | 00000nam##2200000za#4500 |
| 001 | 9.634293 |
| 003 | CaOODSP |
| 005 | 20230117132339 |
| 007 | cr ||||||||||| |
| 008 | 150407|2002||||xxc|||||o f|0| 0 fre|d |
| 040 | |aCaOODSP|bfre |
| 043 | |an-cn--- |
| 086 | 1 |aJL2-35/2002F-PDF |
| 110 | 2 |aCommission du droit du Canada. |
| 245 | 13|aLe concept légal de l'emploi - la marginalisation des travailleurs / |h[ressource électronique]|cPar Judy Fudge, Eric Tucker et Leah Vosko. |
| 260 | |aOttawa - Ontario : |bCommission du droit du Canada |c2002. |
| 300 | |a182p.|bgraphiques, références |
| 590 | |a07-04-Supp|b2007-06-29 |
| 691 | 07|aEmploi|2gcpds |
| 720 | 1 |aFudge, Judy |
| 720 | 1 |aTucker, Eric |
| 720 | 1 |aVosko, Leah |
| 775 | 08|tThe legal concept of employment - marginalizing workers / |w(CaOODSP)9.689916 |
| 856 | 40|ahttp://publications.gc.ca|qPDF|s444 Ko|uhttps://publications.gc.ca/collections/collection_2007/lcc-cdc/JL2-35-2002F.pdf |